00000000nam 2200000zi 4500
0019.958140
003CaOODSP
00520251210142842
006m     o  d f      
007cr bn|||||||||
008251210s1979    oncd    o    f000 0 eng d
040 |aCaOODSP|beng|erda|cCaOODSP
043 |an-cn-on
0861 |aEn58-27/4-79E-PDF
1001 |aAston, D., |eauthor.
24510|aToronto temperature trend, 1780-1978 / |cby D. Aston.
264 1|a[Downsview, Ontario] : |b[Atmospheric Environment Service], |c1979.
300 |a1 online resource (2 unnumbered pages) : |bchart.
336 |atext|btxt|2rdacontent
337 |acomputer|bc|2rdamedia
338 |aonline resource|bcr|2rdacarrier
4901 |aCDS ; |v#4-79
500 |aDigitized edition from print [produced by Environment and Climate Change Canada].
500 |a"29/8/79."
520 |a"Very often climatologists are asked, "Are We Heading Into Another Ice Age". Depending on the person asked, there are numerous answers to this question and many theories as to why we are or are not on the verge of an Ice Age. One of the major problems in solving this mystery is the short length of temperature records for any one location in the world. In Canada the longest period of continuous temperature records are those for Toronto, Ontario. This record covers the period 1840 to the present"--Page [1].
650 0|aAtmospheric temperature|zOntario|zToronto.
650 6|aTempérature atmosphérique|zOntario|zToronto.
651 0|aToronto (Ont.)|xClimate.
651 6|aToronto (Ont.)|xClimat.
7101 |aCanada. |bAtmospheric Environment Service, |eissuing body.
830#0|aCDS ;|vno. 4-79.|w(CaOODSP)9.932874
85640|qPDF|s198 KB|uhttps://publications.gc.ca/collections/collection_2025/eccc/en58/En58-27-4-79-eng.pdf